|
|
|
|
| LEADER |
01124nam a2200289 a 4500 |
| 001 |
GR-Patra6834 |
| 008 |
991022s1994 gr g 000 b gre d |
| 040 |
|
|
|a GrPaTEI
|b gre
|c GR-PaULI
|
| 082 |
|
0 |
|a 616
|
| 245 |
0 |
0 |
|a Harrison, εσωτερική παθολογία ; επιμελητές Jean D. Wilson ; Eugene Braunwald
|n 2/3.
|
| 250 |
|
|
|a 12η εκδ.
|
| 260 |
|
|
|a Αθήνα :
|b Παρισιάνος,
|c 1994
|
| 300 |
|
|
|a (978-1942)σ. :
|b εικ.
|
| 650 |
|
4 |
|a ΑΙΜΑΤΟΛΟΓΙΑ
|
| 650 |
|
4 |
|a ΑΝΑΠΝΕΥΣΤΙΚΟ ΣΥΣΤΗΜΑ
|
| 650 |
|
4 |
|a ΑΝΟΣΟΠΟΙΗΤΙΚΟ ΣΥΣΤΗΜΑ
|
| 650 |
|
4 |
|a ΑΡΘΡΩΣΕΙΣ
|
| 650 |
|
4 |
|a ΝΕΦΡΑ
|
| 650 |
|
4 |
|a ΟΓΚΟΛΟΓΙΑ
|
| 650 |
|
4 |
|a Παθολογία
|
| 650 |
|
4 |
|a ΠΕΠΤΙΚΟ ΣΥΣΤΗΜΑ
|
| 700 |
1 |
|
|a Harrison, Tinsley Randolph
|
| 710 |
0 |
|
|a Παρισιάνος
|
| 942 |
|
|
|2 ddc
|
| 952 |
|
|
|0 1
|1 0
|2 ddc
|4 0
|6 616_000000000000000_HAR
|7 0
|9 288157
|a LISK
|b LISK
|c BSC
|d 2021-01-17
|e 24
|f 0
|g 0.00
|l 0
|o 616 HAR
|p 92410010335
|r 2021-01-17 00:00:00
|t 1
|w 2021-01-17
|y BK15
|x 19991024 0 1
|x GrPaTEI
|
| 971 |
|
|
|a .b26543485
|b 01-10-20
|c 23-09-16
|
| 999 |
|
|
|c 168058
|d 168058
|